[Event "2024 British Rapidplay Championship"]
[Site "Holiday Inn Peterborough - West"]
[Date "2024.03.02"]
[Round "5.41"]
[White "Tiruchirapalli, Venkataramanan"]
[Black "Kumar, Sanjit S"]
[Result "1-0"]
[WhiteFideId "5001579"]
[BlackFideId "468142"]
[WhiteElo "2263"]
[BlackElo "1799"]
[EventDate "2024.03.02"]

1. e4 e6 2. b3 d5 3. Bb2 Nf6 4. e5 Nfd7 5. f4 c5 6. Nf3 Nc6 7. Qe2 b6 8. g3 Bb7 9.
Bg2 g6 10. O-O Bg7 11. d3 O-O 12. Nbd2 Re8 13. g4 Qe7 14. Rae1 Kh8 15. a3 a5 16.
Qf2 Qf8 17. f5 exf5 18. gxf5 Ncxe5 19. Nxe5 Bxe5 20. Rxe5 Nxe5 21. fxg6 hxg6 22.
Nf3 Qg7 23. Nxe5 Rxe5 24. Bxe5 Qxe5 25. Qxf7 Qg7 26. Qe6 Rg8 27. Rf3 Qa1+ 28. Kf2
Qd4+ 29. Ke2 g5 30. Rh3+ Kg7 31. Qe7+ Kg6 32. Qh7+ Kf6 33. Rh6+ 1-0

[Event "2024 British Rapidplay Championship"]
[Site "Holiday Inn Peterborough - West"]
[Date "2024.03.02"]
[Round "5.42"]
[White "Hryshchenko, Kamila"]
[Black "Patel, Keatan"]
[Result "1-0"]
[WhiteFideId "14147491"]
[BlackFideId "477613"]
[WhiteElo "2118"]
[BlackElo "1779"]
[EventDate "2024.03.02"]

1. e4 e5 2. Nf3 Nc6 3. Bb5 a6 4. Ba4 Nf6 5. d4 b5 6. Bb3 Nxd4 7. Nxd4 exd4 8. e5
Ng8 9. Qf3 d5 10. Bxd5 Be6 11. Bxa8 Ne7 12. Bg5 h6 13. Bc6+ Bd7 14. Bd5 Be6 15. Bxe6
fxe6 16. Bxe7 Bxe7 17. Qc6+ Kf7 18. O-O d3 19. cxd3 Qd4 20. Nc3 Rf8 21. Rae1 Bc5
22. Re4 Qxd3 23. Qxc5 Kg8 24. Qe3 Qd7 25. Rf4 Rd8 26. Rg4 Kh8 27. h3 b4 28. Rd1 Qe7
29. Rxd8+ Qxd8 30. Qd4 Qf8 31. Ne4 c5 32. Qd6 Qf5 33. Qd8+ Kh7 34. Nf6+ gxf6 35.
Qg8# 1-0

[Event "2024 British Rapidplay Championship"]
[Site "Holiday Inn Peterborough - West"]
[Date "2024.03.02"]
[Round "5.43"]
[White "Iyengar, Srihari R"]
[Black "Jermy, Jaden"]
[Result "0-1"]
[WhiteFideId "441970"]
[BlackFideId "459496"]
[WhiteElo "1889"]
[BlackElo "1978"]
[EventDate "2024.03.02"]

1. d4 Nf6 2. Nf3 d5 3. Bg5 Nbd7 4. Nbd2 c5 5. e3 g6 6. c3 Bg7 7. Bd3 O-O 8. Rc1 Qe8
9. O-O e5 10. dxe5 Nxe5 11. Nxe5 Qxe5 12. Bf4 Qe7 13. h3 b6 14. Re1 Bb7 15. c4 Rad8
16. Qc2 Rfe8 17. cxd5 Nxd5 18. a3 Nxf4 19. exf4 Qxe1+ 20. Rxe1 Rxe1+ 21. Kh2 Bd4
22. Be4 Bxe4 23. Nxe4 Re8 24. f3 h5 25. b4 h4 26. g4 Kg7 27. g5 Re3 28. Kg2 Rxa3
29. bxc5 bxc5 30. f5 Rb8 31. f6+ Kf8 32. Qe2 Rb2 33. Nd2 Re3 34. Qd1 Bc3 35. Qc1
Rxd2+ 36. Kf1 Rxf3+ 0-1

[Event "2024 British Rapidplay Championship"]
[Site "Holiday Inn Peterborough - West"]
[Date "2024.03.02"]
[Round "5.44"]
[White "Ganti, Shriaansh"]
[Black "Manley, Jon P"]
[Result "0-1"]
[WhiteFideId "343104781"]
[BlackFideId "403296"]
[WhiteElo "1886"]
[BlackElo "2160"]
[EventDate "2024.03.02"]

1. e4 e5 2. Nf3 Nc6 3. Bb5 f5 4. d3 fxe4 5. dxe4 Nf6 6. O-O Bc5 7. Bg5 d6 8. Nc3
O-O 9. Bc4+ Kh8 10. Nd5 Be6 11. Nxf6 Bxc4 12. Nxh7 Qe8 13. Nxf8 Bxf1 14. Qxf1 Qxf8
15. c3 Qf7 16. Qe2 Rf8 17. Be3 Bb6 18. Bxb6 axb6 19. Rd1 Qh5 20. h3 Rf4 21. Re1 Qg6
22. Nh2 Nd8 23. Nf1 Ne6 24. Ng3 Rh4 25. Qf3 Nf4 26. Kh2 Qe6 27. Nf5 Rh7 28. b3 g6
29. Ne3 Rf7 30. Qg4 Qf6 31. Rd1 Kg7 32. f3 Ne2 33. c4 Nd4 34. Nf1 c6 35. Ng3 Kh7
36. Rd2 Qd8 37. Ne2 Qf6 38. Qg3 Rd7 39. Qf2 c5 40. Nc3 Qg5 41. Nd5 Rf7 42. Nxb6 Rxf3
43. gxf3 Qxd2 44. Qxd2 Nxf3+ 45. Kg3 Nxd2 46. Nc8 Nxe4+ 47. Kf3 Ng5+ 48. Ke3 Nf7
49. Ne7 Kh6 50. a4 Kh5 51. a5 Kg5 52. Ke4 Kf6 53. Nd5+ Ke6 54. h4 Nh6 55. Nc7+ Kd7
56. Nd5 Nf5 57. Kf3 Nxh4+ 58. Kg4 Nf5 59. Kg5 Nd4 60. b4 cxb4 61. Nxb4 Nc6 62. a6
bxa6 63. Nxa6 Kc8 64. c5 d5 65. Kxg6 Kb7 0-1

[Event "2024 British Rapidplay Championship"]
[Site "Holiday Inn Peterborough - West"]
[Date "2024.03.02"]
[Round "5.45"]
[White "White, Stuart A"]
[Black "Smith, Gary P"]
[Result "1-0"]
[WhiteFideId "407747"]
[BlackFideId "424625"]
[WhiteElo "2147"]
[BlackElo "1815"]
[EventDate "2024.03.02"]

1. d4 Nf6 2. c4 g6 3. Nc3 Bg7 4. e4 d6 5. h3 O-O 6. Be3 e5 7. d5 a5 8. g4 Na6 9.
Qd2 Nc5 10. f3 Ne8 11. h4 f5 12. exf5 gxf5 13. gxf5 Bxf5 14. O-O-O Nf6 15. Bh3 Bg6
16. Bxc5 dxc5 17. Be6+ Bf7 18. Bf5 Qe8 19. Nh3 Bg6 20. Be4 h6 21. Rhg1 Bxe4 22. Qxh6
Bg6 23. Rxg6 Rf7 24. Rdg1 Qf8 25. Qg5 Rd8 26. h5 Kh8 27. h6 Bxh6 28. Rxh6+ Nh7 29.
Qxe5+ Rf6 30. Rgg6 Rdd6 31. Rxh7+ 1-0

[Event "2024 British Rapidplay Championship"]
[Site "Holiday Inn Peterborough - West"]
[Date "2024.03.02"]
[Round "5.46"]
[White "Mittal, Aditya"]
[Black "Surtees, Mike J"]
[Result "0-1"]
[WhiteFideId "499250"]
[BlackFideId "412619"]
[WhiteElo "1794"]
[BlackElo "2035"]
[EventDate "2024.03.02"]

1. b3 c5 2. Bb2 d5 3. e3 a6 4. Nf3 Nc6 5. d4 cxd4 6. Nxd4 e6 7. Nxc6 bxc6 8. c4 Nf6
9. Be2 Bb4+ 10. Bc3 a5 11. O-O O-O 12. a3 Bd6 13. Nd2 Qe7 14. Bb2 e5 15. Qc2 Bd7
16. Rfd1 Rfe8 17. Nf1 h5 18. Ng3 g6 19. Bf3 h4 20. Nf1 e4 21. Be2 Be5 22. cxd5 cxd5
23. Bxe5 Qxe5 24. Rac1 h3 25. Qc7 hxg2 26. Ng3 Qxc7 27. Rxc7 Reb8 28. Rb1 Bh3 29.
Bd1 Rb6 30. Ne2 Kg7 31. Nd4 Nd7 32. f4 exf3 33. Bxf3 Nf6 34. Bxg2 Bxg2 35. Kxg2 Ne4
36. Rf1 Rf6 37. Rxf6 Kxf6 38. Kf3 a4 39. b4 Nd2+ 40. Ke2 Nc4 41. Nc2 Rh8 42. Kd3
Rxh2 43. Ra7 g5 44. b5 g4 45. Ra6+ Kg7 46. Nd4 Rf2 47. e4 g3 48. b6 g2 49. b7 g1=Q
50. Nf5+ Rxf5 51. b8=Q Qe3+ 52. Kc2 Rf2+ 53. Kb1 Qe1# 0-1

[Event "2024 British Rapidplay Championship"]
[Site "Holiday Inn Peterborough - West"]
[Date "2024.03.02"]
[Round "5.47"]
[White "Alizada, Eldar A"]
[Black "Williams, Ana"]
[Result "0-1"]
[WhiteFideId "464104"]
[BlackFideId "343419771"]
[WhiteElo "1975"]
[BlackElo "1804"]
[EventDate "2024.03.02"]

1. d4 Nf6 2. c4 e6 3. Nc3 d5 4. cxd5 Nxd5 5. e4 Nxc3 6. bxc3 c5 7. Nf3 cxd4 8. cxd4
Bb4+ 9. Bd2 Bxd2+ 10. Qxd2 O-O 11. Bc4 Nd7 12. O-O b6 13. d5 Nc5 14. Qf4 Bb7 15.
Rad1 exd5 16. exd5 Qd7 17. d6 Ne6 18. Qf5 Bxf3 19. Qxf3 Rac8 20. Qd3 Nf4 21. Qe4
Qg4 22. Rd4 Rxc4 23. Rxc4 Nh3+ 24. Kh1 Nxf2+ 25. Kg1 Nxe4 26. Re1 f5 27. d7 Qf4 28.
Rf1 Qe3+ 0-1

[Event "2024 British Rapidplay Championship"]
[Site "Holiday Inn Peterborough - West"]
[Date "2024.03.02"]
[Round "5.48"]
[White "Cheng, Louis"]
[Black "Kovalskyi, Roman"]
[Result "1/2-1/2"]
[WhiteFideId "2410389"]
[BlackFideId "14184214"]
[WhiteElo "1840"]
[BlackElo "1983"]
[EventDate "2024.03.02"]

1. e4 c5 2. Nc3 g6 3. d4 cxd4 4. Qxd4 Nf6 5. Be3 Nc6 6. Qd2 Bg7 7. f3 O-O 8. O-O-O
d6 9. Kb1 Qa5 10. Nge2 b5 11. h4 b4 12. Nd5 Nxd5 13. exd5 Ne5 14. Nd4 Ba6 15. Nb3
Qa4 16. Bxa6 Qxa6 17. Bd4 h5 18. Bxe5 dxe5 19. g4 Qf6 20. gxh5 gxh5 21. Qe3 a5 22.
Qg5 Rfc8 23. Rhg1 Qxg5 24. Rxg5 f6 25. Rxh5 Kf7 26. Rg1 Rh8 27. Rxh8 Rxh8 28. Rh1
Rd8 29. Rd1 Rh8 30. Nxa5 Rxh4 31. Nc6 Bh6 32. a4 bxa3 33. bxa3 Be3 34. Rd3 Bc5 35.
Ka2 e4 36. fxe4 Rxe4 37. Kb3 f5 38. a4 Ke8 39. a5 Kd7 40. Rc3 Re3 41. Rxe3 Bxe3 42.
Kc4 e6 43. Nd4 exd5+ 44. Kxd5 f4 45. Ke4 Kc7 46. Ne6+ Kb7 47. Nxf4 Bd2 48. Nd5 Bxa5
49. Kd4 Kc6 50. Kc4 Bd8 51. Nb4+ Kb6 52. Kd5 Be7 53. Nc6 Bc5 54. c4 Bf2 55. Ne5 Be3
56. Nd7+ Kc7 57. Nc5 Bf2 58. Na4 Be3 59. Nc3 Kb6 60. Kd6 Bf4 61. Kd5 Be3 62. Na4+
Ka5 63. Nc3 Kb6 64. Ne4 Bg1 65. Kd6 Bh2 66. Kd7 Bg1 67. Ke6 Kc6 68. Ke5 Bh2+ 69.
Kd4 Bg1+ 70. Kc3 Be3 71. Kd3 Bg1 72. Ke2 Bb6 73. Nd2 Kc5 74. Kd3 Kc6 75. Kc3 Ba5+
76. Kd3 Bxd2 77. Kxd2 1/2-1/2

[Event "2024 British Rapidplay Championship"]
[Site "Holiday Inn Peterborough - West"]
[Date "2024.03.02"]
[Round "5.49"]
[White "Hutchinson, Paul A"]
[Black "McCusker, Andrew"]
[Result "0-1"]
[WhiteFideId "411558"]
[BlackFideId "2404281"]
[WhiteElo "2064"]
[BlackElo "1786"]
[EventDate "2024.03.02"]

1. d4 d5 2. Bf4 Nf6 3. e3 e6 4. Nf3 Nbd7 5. Nbd2 Be7 6. h4 h5 7. Be2 b6 8. Ne5 Nxe5
9. Bxe5 Bb7 10. g3 g6 11. g4 hxg4 12. Bxg4 Qd7 13. Qf3 Qd8 14. O-O-O Rh7 15. h5 g5
16. Bh3 Ng8 17. Rdg1 Qd7 18. Bf1 O-O-O 19. Bd3 f5 20. Qe2 Qe8 21. Ba6 Nh6 22. Bxb7+
Kxb7 23. c4 Ng4 24. Bg3 Rxh5 25. Rxh5 Qxh5 26. Nb3 Nf6 27. Qc2 c6 28. c5 Ne4 29.
Be5 Qf3 30. Rf1 g4 31. Qd3 Nxf2 32. Qc3 Bg5 33. Kb1 Qxe3 34. Na5+ bxa5 35. Qc2 Ne4
36. Rh1 Qd2 37. Qb3+ Qb4 38. Qc2 Nd2+ 39. Ka1 Nc4 40. Rb1 Nxe5 41. dxe5 Be3 42. a3
Qb5 43. Rh1 Bd4 44. Rh7+ Ka8 45. Ka2 Bxe5 46. b3 a4 47. bxa4 Qb2+ 48. Qxb2 Bxb2 49.
Kxb2 Rg8 50. Rh1 g3 51. Rg1 f4 52. Kc2 f3 0-1

[Event "2024 British Rapidplay Championship"]
[Site "Holiday Inn Peterborough - West"]
[Date "2024.03.02"]
[Round "5.50"]
[White "Cheng, Wing"]
[Black "He, Tom Junde"]
[Result "0-1"]
[WhiteFideId "343443621"]
[BlackFideId "488810"]
[WhiteElo "1829"]
[BlackElo "1922"]
[EventDate "2024.03.02"]

1. e4 c5 2. Nf3 d6 3. d4 Nf6 4. Nc3 cxd4 5. Nxd4 g6 6. Be3 Bg7 7. Qd2 O-O 8. O-O-O
Nc6 9. f3 d5 10. g4 dxe4 11. g5 Nd5 12. Nxc6 bxc6 13. Nxe4 Be6 14. c4 Nxe3 15. Qxe3
Qa5 16. Kb1 Rab8 17. b3 Qe5 18. Rd2 Qa1+ 19. Kc2 Qxa2+ 20. Kd1 Qb1+ 0-1

[Event "2024 British Rapidplay Championship"]
[Site "Holiday Inn Peterborough - West"]
[Date "2024.03.02"]
[Round "5.51"]
[White "Zhang, Junyi"]
[Black "Garnett, John S"]
[Result "0-1"]
[WhiteFideId "494437"]
[BlackFideId "410829"]
[WhiteElo "1701"]
[BlackElo "1950"]
[EventDate "2024.03.02"]

1. e4 d5 2. exd5 Nf6 3. d4 Bg4 4. Be2 Bxe2 5. Qxe2 Qxd5 6. Nf3 e6 7. O-O Nc6 8. Rd1
O-O-O 9. c4 Qh5 10. Nc3 Bd6 11. Be3 Ng4 12. h3 Nxe3 13. Qxe3 Rhe8 14. a3 Kb8 15.
b4 Ne7 16. c5 Nd5 17. Nxd5 exd5 18. Qc3 Bf4 19. b5 g5 20. Nh2 Bxh2+ 21. Kxh2 Re2
22. Qg3 f5 23. b6 f4 24. bxa7+ Kxa7 25. Qc3 Rxf2 26. Rf1 Rxf1 27. Rxf1 Qe2 28. Rb1
f3 29. Rb2 Qc4 30. Qa5+ Kb8 31. gxf3 Re8 32. Qd2 Qf1 33. Qxg5 Qxf3 34. Qd2 Re3 35.
Qg2 Qf4+ 36. Kh1 Re1+ 37. Qg1 Rxg1+ 38. Kxg1 Qxd4+ 39. Kh1 Qxb2 40. h4 d4 41. h5
d3 42. c6 d2 43. cxb7 d1=R# 0-1

[Event "2024 British Rapidplay Championship"]
[Site "Holiday Inn Peterborough - West"]
[Date "2024.03.02"]
[Round "5.52"]
[White "Walton, Alan J"]
[Black "Jacklin, Sam"]
[Result "1/2-1/2"]
[WhiteFideId "409898"]
[BlackFideId "343414850"]
[WhiteElo "2063"]
[BlackElo "1723"]
[EventDate "2024.03.02"]

1. d4 d5 2. c4 c6 3. Nc3 Nf6 4. Nf3 e6 5. Bg5 Nbd7 6. cxd5 exd5 7. Qc2 h6 8. Bh4
Be7 9. e3 O-O 10. Bd3 Re8 11. O-O Nf8 12. Rab1 Ne4 13. Bg3 Nxg3 14. hxg3 Bf6 15.
b4 Bg4 16. Nd2 b6 17. a4 Rc8 18. Rfc1 h5 19. Bf5 Bxf5 20. Qxf5 h4 21. gxh4 Bxh4 22.
b5 c5 23. Nf3 cxd4 24. Nxd4 Rc4 25. a5 bxa5 26. Nc6 Qf6 27. Qxf6 Bxf6 28. Nxd5 Rxc1+
29. Rxc1 Nd7 30. Nxf6+ Nxf6 31. Ra1 Nd5 32. Rxa5 Nc7 33. Kf1 Re6 34. Nd4 Rb6 35.
Ke2 a6 36. bxa6 Rxa6 37. Rc5 Ne6 38. Rc8+ Kh7 39. Nf3 Ra2+ 40. Nd2 Ra3 41. f3 Ra6
42. Rc2 g6 43. g4 Ra3 44. f4 Ra4 45. Kf3 Rxf4+ 1/2-1/2

[Event "2024 British Rapidplay Championship"]
[Site "Holiday Inn Peterborough - West"]
[Date "2024.03.02"]
[Round "5.53"]
[White "Yu, Rock"]
[Black "Barton, Ben"]
[Result "1-0"]
[WhiteFideId "489000"]
[BlackFideId "343416993"]
[WhiteElo "1907"]
[BlackElo "1671"]
[EventDate "2024.03.02"]

1. c4 b5 2. cxb5 a6 3. Nc3 axb5 4. Nxb5 c6 5. Nc3 d5 6. d4 Ba6 7. Nf3 Nf6 8. e3 Bxf1
9. Kxf1 e6 10. g3 Nbd7 11. Kg2 c5 12. a3 h5 13. h4 cxd4 14. exd4 Bd6 15. Bg5 Qb8
16. Qe2 O-O 17. Nb5 Ne4 18. Nxd6 Qxd6 19. Bf4 Qb6 20. Rac1 Ndf6 21. Be3 Rfb8 22.
Rc2 Ng4 23. Nd2 Nxe3+ 24. Qxe3 Nf6 25. Nf3 Qd6 26. Ne5 Ne4 27. Rhc1 Rb6 28. Qf3 Nf6
29. Rc8+ Rxc8 30. Rxc8+ Kh7 31. Nxf7 Qd7 32. Rh8+ Kg6 33. Ne5# 1-0

[Event "2024 British Rapidplay Championship"]
[Site "Holiday Inn Peterborough - West"]
[Date "2024.03.02"]
[Round "5.54"]
[White "Wastney, Dylan"]
[Black "Hanache, Kai"]
[Result "0-1"]
[WhiteFideId "343112498"]
[BlackFideId "490105"]
[WhiteElo "1800"]
[BlackElo "1886"]
[EventDate "2024.03.02"]

1. e4 e5 2. Nf3 Nc6 3. Bb5 a6 4. Ba4 Nf6 5. d3 Bc5 6. O-O b5 7. Bb3 d6 8. c3 Bb6
9. Re1 O-O 10. Nbd2 Na5 11. Bc2 c5 12. Nf1 Bb7 13. Ng3 g6 14. Bg5 Qe7 15. Qd2 Qe6
16. Rad1 Nd7 17. b4 Nc6 18. Bb3 c4 19. dxc4 bxc4 20. Ba4 Bc7 21. Bh6 Rfd8 22. Ng5
Qe7 23. Qd5 Nb6 24. Qd2 Nxa4 25. Qc2 Nb6 26. a4 f6 27. Nf3 Nd7 28. Be3 Bb6 29. Bxb6
Nxb6 30. a5 Nd7 31. Qd2 Nf8 32. h4 h5 33. Qe2 Na7 34. Qxc4+ Qf7 35. Qd3 Rac8 36.
Rc1 d5 37. Qe2 Ne6 38. exd5 Nf4 39. Qe3 Bxd5 40. Ne4 Bxe4 41. Qxe4 Nd3 42. c4 Nxe1
43. Nxe1 Rd4 44. Qe3 Rcxc4 45. Nf3 Rxc1+ 46. Qxc1 Qc4 47. Qb1 Kg7 48. Nxd4 exd4 49.
Qe4 Nc6 50. Qf4 Ne5 51. Qd2 Qc3 52. Qe2 Qc1+ 53. Kh2 Ng4+ 54. Kg3 Qc7+ 55. f4 Qc3+
56. Qf3 Qe1+ 57. Kh3 Qh1+ 0-1

[Event "2024 British Rapidplay Championship"]
[Site "Holiday Inn Peterborough - West"]
[Date "2024.03.02"]
[Round "5.55"]
[White "De Silva, Sithun"]
[Black "Herring, Sam AC"]
[Result "1/2-1/2"]
[WhiteFideId "343419925"]
[BlackFideId "429767"]
[WhiteElo "1737"]
[BlackElo "1895"]
[EventDate "2024.03.02"]

1. e4 c6 2. d4 d5 3. Nc3 dxe4 4. Nxe4 Nf6 5. Nxf6+ exf6 6. c3 Bd6 7. Bd3 O-O 8. Ne2
Re8 9. O-O Nd7 10. Qc2 Nf8 11. Bd2 Qc7 12. h3 Be6 13. Rfe1 Ng6 14. Bf5 a5 15. Nc1
Qd7 16. Bxe6 Rxe6 17. Rxe6 fxe6 18. Nd3 e5 19. dxe5 Nxe5 20. Nxe5 Bxe5 21. Be3 Rd8
22. Bb6 Bc7 23. Bxc7 Qxc7 24. Re1 Qf7 25. Qa4 Qd5 26. Qb3 Qxb3 27. axb3 Kf7 28. Re2
Rd1+ 29. Kh2 b5 30. b4 axb4 31. cxb4 Rd4 32. Rc2 Rxb4 33. Rxc6 Rxb2 34. Kg3 b4 35.
Rb6 b3 36. f3 Rb1 37. h4 Ke7 38. Rb7+ Kd6 39. Rxg7 b2 40. Rb7 Kc6 41. Rb8 Kc5 42.
Kf2 Kc4 43. Rc8+ Kd4 44. Rd8+ Ke5 45. Rb8 h5 46. Rb5+ Kd4 47. Rb8 f5 48. Rd8+ Ke5
49. Re8+ Kd6 50. Rb8 f4 51. Rb3 Kc5 52. Rb8 Rh1 53. Rxb2 Rxh4 54. Rb8 Rh1 55. Rf8
Rh4 56. g4 hxg4 57. fxg4 Rxg4 1/2-1/2

[Event "2024 British Rapidplay Championship"]
[Site "Holiday Inn Peterborough - West"]
[Date "2024.03.02"]
[Round "5.56"]
[White "Takvorian, Sebouh"]
[Black "Tart, Peter K"]
[Result "0-1"]
[WhiteFideId "430960"]
[BlackFideId "471070"]
[WhiteElo "1735"]
[BlackElo "1987"]
[EventDate "2024.03.02"]

1. c4 f5 2. Nf3 Nf6 3. g3 d6 4. Bg2 e5 5. e3 Be7 6. O-O O-O 7. Nc3 Qe8 8. d3 Nc6
9. b3 a6 10. Bb2 f4 11. exf4 exf4 12. d4 Qh5 13. Nh4 Ng4 14. h3 fxg3 15. fxg3 Rxf1+
16. Bxf1 Bxh4 17. gxh4 Nf6 18. Qxh5 Nxh5 19. Ne2 Bf5 20. Kh2 Nb4 21. d5 Re8 22. Nd4
Bd7 23. a3 c5 24. axb4 cxd4 25. Bxd4 Re4 26. Bb2 Rxh4 27. Bd3 Rxh3+ 28. Kg1 Rxd3
0-1

[Event "2024 British Rapidplay Championship"]
[Site "Holiday Inn Peterborough - West"]
[Date "2024.03.02"]
[Round "5.57"]
[White "Kennedy, Aden"]
[Black "Young, Daniel J"]
[Result "1/2-1/2"]
[WhiteFideId "343401015"]
[BlackFideId "425184"]
[WhiteElo "1639"]
[BlackElo "1921"]
[EventDate "2024.03.02"]

1. e4 c5 2. Nf3 d6 3. d4 cxd4 4. Nxd4 Nf6 5. f3 e6 6. c4 Be7 7. Nc3 O-O 8. Be3 a6
9. Be2 Qc7 10. O-O Rd8 11. Rc1 Bd7 12. Qd2 Nc6 13. Nd5 exd5 14. cxd5 Rac8 15. dxc6
bxc6 16. Bxa6 Ra8 17. Be2 Rxa2 18. Bc4 Raa8 19. Nb5 Qb8 20. Nd4 d5 21. exd5 cxd5
22. Bd3 Ra2 23. Rc2 Bd6 24. g3 Re8 25. Nf5 Bb4 26. Qc1 Bxf5 27. Bxf5 Qe5 28. Bxh7+
Nxh7 29. Bf4 Qd4+ 30. Kh1 Qd3 31. Qb1 Raa8 32. Rcf2 Qxb1 33. Rxb1 d4 34. Rd1 Rad8
35. Rd3 g5 36. Bd2 Bxd2 37. Rfxd2 Kg7 38. b4 Re1+ 39. Kg2 Rb1 40. Rxd4 Rxd4 41. Rxd4
Nf6 42. g4 Ne8 43. Rc4 Nd6 44. Rc6 Ne8 45. Rc4 f6 46. Kg3 Nd6 47. Rc6 Nb5 48. Rc4
Rb3 49. Re4 Na3 50. Rd4 Nc2 51. Rc4 Nxb4 52. Rc7+ Kg6 53. Rb7 Rb2 54. h4 gxh4+ 55.
Kxh4 Nd3 56. Rxb2 Nxb2 57. f4 Nd3 58. Kg3 Nc5 59. Kf3 Kf7 60. Ke3 Ke6 61. Kd4 Nd7
62. Ke4 Nc5+ 63. Kd4 Nb3+ 64. Kc3 Na5 65. Kb4 Nc6+ 66. Kc5 Ne7 67. Kd4 Nd5 68. Ke4
Ne7 69. Kd4 Nc6+ 70. Kc5 Nd8 71. Kd4 Kd6 72. Ke4 Ne6 73. g5 Nc5+ 74. Kf5 fxg5 75.
fxg5 Ne6 76. Kf6 Nxg5 77. Kxg5 Ke5 1/2-1/2

[Event "2024 British Rapidplay Championship"]
[Site "Holiday Inn Peterborough - West"]
[Date "2024.03.02"]
[Round "5.58"]
[White "Zajaczkowski, Marek"]
[Black "Nicholas, Koichi B"]
[Result "0-1"]
[WhiteFideId "343410685"]
[BlackFideId "409820"]
[WhiteElo "1672"]
[BlackElo "1987"]
[EventDate "2024.03.02"]

1. e4 e5 2. f4 exf4 3. Nf3 g5 4. h4 g4 5. Ne5 d6 6. Nxg4 Be7 7. Qf3 Bxh4+ 8. Nf2
Qg5 9. d4 Bg3 10. Be2 Nf6 11. Nc3 Nc6 12. Nb5 Kd8 13. c3 Re8 14. Bd3 Nxe4 15. Bxe4
Qxb5 16. Bxf4 Bxf4 17. Qxf4 d5 18. Qg5+ Re7 19. O-O-O Be6 20. Rxh7 Kd7 21. Bf5 Qe2
22. Nd3 Bxf5 23. Qxf5+ Kd6 24. Rh6+ Re6 25. Rxe6+ fxe6 26. Qf4+ Ke7 27. Rd2 Qe4 28.
Qxe4 dxe4 29. Nc5 e3 30. Re2 b6 31. Nd3 Rg8 32. Kc2 Kd6 33. Nf4 Rg4 34. Nh3 Ne7 35.
Kd3 Nf5 36. Ng1 c5 37. dxc5+ bxc5 38. Nf3 e5 39. Ne1 c4+ 40. Kc2 Kd5 41. b3 a6 42.
b4 Ke4 43. Kd1 Rg8 44. Nc2 Kd3 45. a4 Rd8 46. Ke1 Rh8 47. Kd1 Rh1+ 48. Re1 e2+ 49.
Kc1 Rh2 50. g4 Ng3 51. b5 axb5 52. axb5 Kxc3 53. Ne3 Ne4 54. b6 Kd3 55. Nd5 Rh7 56.
Nb4+ Ke3 57. Nc6 Kf2 0-1

[Event "2024 British Rapidplay Championship"]
[Site "Holiday Inn Peterborough - West"]
[Date "2024.03.02"]
[Round "5.59"]
[White "McCarthy, Kevin C"]
[Black "Mitraka, Chrysa"]
[Result "1/2-1/2"]
[WhiteFideId "470775"]
[BlackFideId "2409968"]
[WhiteElo "1974"]
[BlackElo "1612"]
[EventDate "2024.03.02"]

1. d4 d5 2. Nc3 Nf6 3. Bf4 a6 4. e3 e6 5. Nf3 c5 6. Ne5 Nc6 7. g4 h6 8. h4 Nxe5 9.
dxe5 Nd7 10. Bg2 Be7 11. Bg3 b6 12. f4 Bb7 13. f5 Qc7 14. fxe6 fxe6 15. Qd3 Nxe5
16. Qg6+ Nxg6 17. Bxc7 b5 18. h5 Nf8 19. O-O-O Kd7 20. Be5 Bf6 21. Bxf6 gxf6 22.
Ne4 Ke7 23. Nxc5 Bc6 24. Rhf1 Nd7 25. Nxd7 Bxd7 26. e4 dxe4 27. Bxe4 Rab8 28. Bg6
e5 29. Bf5 Bxf5 30. gxf5 Rhg8 31. Rg1 Rg5 32. Rgf1 Rxh5 33. Rd3 Rd8 34. Rc3 Rg5 35.
Rc6 Rd6 36. Rc7+ Kd8 37. Rh7 h5 38. Rh6 Kc7 39. c3 Kc6 40. b3 e4 41. Rf4 Kd5 42.
Rh4 Rxf5 43. c4+ Ke6 44. Rxe4+ Re5 45. Rxe5+ Kxe5 46. Rxh5+ f5 47. c5 Rc6 48. b4
Ke4 49. Kd2 Rf6 50. Ke2 Kd5 51. Rh3 f4 52. Rf3 Ke4 53. Rc3 Kd4 54. Rc2 f3+ 55. Kf2
Kd3 56. Rb2 Kc3 57. Rb3+ Kc4 58. Rxf3 Rc6 59. Rb3 Kd4 1/2-1/2

[Event "2024 British Rapidplay Championship"]
[Site "Holiday Inn Peterborough - West"]
[Date "2024.03.02"]
[Round "5.60"]
[White "Keshari, Krish"]
[Black "Mokhber-Garcia, Sebastian"]
[Result "0-1"]
[WhiteFideId "496197"]
[BlackFideId "499269"]
[WhiteElo "1666"]
[BlackElo "1909"]
[EventDate "2024.03.02"]

1. e4 e5 2. Nf3 Nc6 3. d4 exd4 4. Nxd4 Nf6 5. Nc3 Bb4 6. Nxc6 bxc6 7. Bd3 d5 8. exd5
cxd5 9. O-O O-O 10. Bg5 c6 11. Qf3 Be7 12. Rad1 Bg4 13. Qg3 Bxd1 14. Rxd1 Nh5 15.
Bxe7 Qxe7 16. Qf3 Nf6 17. Ne2 Rab8 18. Nd4 Qd7 19. Bf5 Qc7 20. b3 Rfe8 21. c4 Qe5
22. Nc2 dxc4 23. bxc4 Rb2 24. Ne3 Rxa2 25. g3 Ra1 26. Rxa1 Qxa1+ 27. Kg2 Qb2 28.
Kg1 Qa1+ 29. Kg2 Qa6 30. Ng4 Nxg4 31. Qxg4 g6 32. Bd3 Qc8 33. Qg5 Qd8 34. Qxd8 Rxd8
35. Be4 Rc8 36. Kf3 a5 37. Ke3 a4 38. Bb1 Rb8 39. Be4 a3 40. Kd4 0-1

[Event "2024 British Rapidplay Championship"]
[Site "Holiday Inn Peterborough - West"]
[Date "2024.03.02"]
[Round "5.61"]
[White "Mehta, Sophie"]
[Black "Keohane, Benedict A"]
[Result "0-1"]
[WhiteFideId "487996"]
[BlackFideId "433950"]
[WhiteElo "1635"]
[BlackElo "1855"]
[EventDate "2024.03.02"]

1. d4 c5 2. d5 Nf6 3. Bf4 d6 4. Nc3 b5 5. Nxb5 Qa5+ 6. Nc3 Bb7 7. Bd2 g6 8. Ne4 Qb6
9. Nxf6+ exf6 10. Bc3 Bg7 11. e3 Nd7 12. Nf3 Rc8 13. Be2 c4 14. O-O O-O 15. Qd4 Qxd4
16. Nxd4 Bxd5 17. Nb5 a6 18. Nxd6 Rc6 19. e4 Be6 20. e5 fxe5 21. Ne4 Nb6 22. Rad1
Nd5 23. Ng5 Nxc3 24. bxc3 Bf5 25. Bf3 Rb6 26. Be4 Bxe4 27. Nxe4 Rb2 28. Rc1 Rxa2
29. Nd6 Bh6 30. Ra1 Rxc2 31. Nxc4 Rxc3 32. Nxe5 Bg7 33. Nd7 Rd8 34. Nb6 Rc6 35. Ra3
a5 36. Rxa5 Bd4 37. Ra6 Rxb6 38. Rd1 0-1

[Event "2024 British Rapidplay Championship"]
[Site "Holiday Inn Peterborough - West"]
[Date "2024.03.02"]
[Round "5.62"]
[White "Hu, Junyan"]
[Black "Killeen, Robert T"]
[Result "1-0"]
[WhiteFideId "343401260"]
[BlackFideId "343444466"]
[WhiteElo "1611"]
[BlackElo "1945"]
[EventDate "2024.03.02"]

1. e4 c5 2. Nf3 Nc6 3. d4 cxd4 4. Nxd4 e5 5. Nb5 a6 6. Nd6+ Bxd6 7. Qxd6 Qf6 8. Qxf6
Nxf6 9. Bd3 d5 10. exd5 Nb4 11. a3 Nxd3+ 12. cxd3 Nxd5 13. O-O O-O 14. Nc3 Be6 15.
Nxd5 Bxd5 16. f4 Rfe8 17. fxe5 Rxe5 18. Bd2 Re2 19. Rf2 Rae8 20. Bc3 f6 21. Raf1
Bb3 22. Rxe2 Rxe2 23. Rf2 Re3 24. d4 Bc4 25. g3 Bd5 26. Kf1 Kf7 27. Bd2 Bc4+ 28.
Kg2 Rd3 29. Bc3 Bd5+ 30. Kf1 Kg6 31. Rd2 Re3 32. Rf2 Kh5 33. Rf5+ g5 34. Rxd5 Kg4
35. Rd6 Rf3+ 36. Kg2 f5 37. Rh6 f4 38. h3+ Kf5 39. Kxf3 1-0

[Event "2024 British Rapidplay Championship"]
[Site "Holiday Inn Peterborough - West"]
[Date "2024.03.02"]
[Round "5.63"]
[White "Patel, Zain"]
[Black "Manavalan, Keerthi Kumar"]
[Result "0-1"]
[WhiteFideId "469246"]
[BlackFideId "343412661"]
[WhiteElo "1828"]
[BlackElo "1559"]
[EventDate "2024.03.02"]

1. d4 Nf6 2. Nf3 g6 3. c4 d6 4. Nc3 Bg7 5. e4 Nc6 6. Be2 O-O 7. O-O e5 8. dxe5 dxe5
9. Bg5 h6 10. Qxd8 Rxd8 11. Bxf6 Bxf6 12. Nd5 Kg7 13. Nxc7 Rb8 14. Nd5 Bg4 15. Rfd1
Bxf3 16. Bxf3 Nd4 17. Rd3 Rbc8 18. Rc1 Rd6 19. b3 Rdc6 20. Bg4 Rd8 21. Rcd1 h5 22.
Bh3 g5 23. Bf5 b5 24. cxb5 Nxb5 25. Nxf6 Rxd3 26. Nxh5+ Kh6 27. Re1 Kxh5 28. h3 Nd4
29. Bg4+ Kh6 30. b4 Rd2 31. a4 Rcc2 32. Rf1 a6 33. g3 Rb2 34. b5 axb5 35. axb5 Rxb5
36. h4 Rdb2 37. Bd7 Rb7 38. Bc8 Rb8 39. Bg4 Rb1 40. Rxb1 Rxb1+ 41. Kg2 gxh4 42. gxh4
Rb2 43. Kg3 f6 44. f3 Ne2+ 45. Kh2 Nf4+ 46. Kh1 Ng2 47. Kh2 Nxh4+ 48. Kg3 Ng6 49.
Bf5 Kg5 50. Bc8 Nf4 51. Be6 Rg2# 0-1